Profiles in courage / (Record no. 354763)
[ view plain ]
| 000 -LEADER | |
|---|---|
| fixed length control field | 00278nam a2200109Ia 4500 |
| 008 - FIXED-LENGTH DATA ELEMENTS--GENERAL INFORMATION | |
| fixed length control field | 180205s9999 xx 000 0 und d |
| 020 ## - INTERNATIONAL STANDARD BOOK NUMBER | |
| International Standard Book Number | 60806982 |
| 100 ## - MAIN ENTRY--PERSONAL NAME | |
| Personal name | Kennedy, Robert F. |
| 245 ## - TITLE STATEMENT | |
| Title | Profiles in courage / |
| 260 ## - PUBLICATION, DISTRIBUTION, ETC. (IMPRINT) | |
| Place of publication, distribution, etc | USA |
| Name of publisher, distributor, etc | Harper Perennial |
| Date of publication, distribution, etc | 1956 |
| 300 ## - PHYSICAL DESCRIPTION | |
| Extent | 282 pages |
| Withdrawn status | Lost status | Source of classification or shelving scheme | Damaged status | Home library | Current library | Shelving location | Date acquired | Source of acquisition | Total Checkouts | Full call number | Barcode | Date last seen | Price effective from | Koha item type |
|---|---|---|---|---|---|---|---|---|---|---|---|---|---|---|
| Library of Congress Classification | Archives | Archives | 02/05/2018 | Donation | E 176 .K35 1956 | C0775 | 02/05/2018 | 02/05/2018 | Books |